00517nam a22001697a 450000500170000001000150001702000260003203500130005803700130007108200080008410000190009224500610011126000370017227000540020930000340026350000500029720160624155711.0 aENG-115155 a9789385288661c799.00 aEN-98687 bDBAD/PUB a230 aDoniger, Wendy aThe hindus :cby Wendy Donigerban alternative history / aNew DelhibSpeaking Tiger c2015 a4381/4 Ansari Road, Daryaganj,bNew Delhie110002 a779p. :c24cm(pbk)bill.,maps aIncludes bibliographical references and index